<?xml version="1.0" encoding="UTF-8"?>
<record
    xmlns:xsi="http://www.w3.org/2001/XMLSchema-instance"
    xsi:schemaLocation="http://www.loc.gov/MARC21/slim http://www.loc.gov/standards/marcxml/schema/MARC21slim.xsd"
    xmlns="http://www.loc.gov/MARC21/slim">

  <leader>02917njm a2200481Ia 4500</leader>
  <controlfield tag="001">27477</controlfield>
  <controlfield tag="003">IT-RoPAU</controlfield>
  <controlfield tag="005">20220918181124.0</controlfield>
  <controlfield tag="008">131025s9999    xx            000 0 und d</controlfield>
  <datafield tag="040" ind1=" " ind2=" ">
    <subfield code="a">IT-RoPAU</subfield>
  </datafield>
  <datafield tag="040" ind1=" " ind2=" ">
    <subfield code="c">IT-RoPAU</subfield>
  </datafield>
  <datafield tag="041" ind1=" " ind2=" ">
    <subfield code="a">ITALIANO</subfield>
  </datafield>
  <datafield tag="999" ind1=" " ind2=" ">
    <subfield code="c">100040</subfield>
    <subfield code="d">100040</subfield>
  </datafield>
  <datafield tag="999" ind1=" " ind2=" ">
    <subfield code="b">n.d.</subfield>
  </datafield>
  <datafield tag="100" ind1=" " ind2=" ">
    <subfield code="a">AA.VV.</subfield>
    <subfield code="9">794</subfield>
  </datafield>
  <datafield tag="100" ind1=" " ind2=" ">
    <subfield code="e">Autore musica</subfield>
    <subfield code="9">18191</subfield>
  </datafield>
  <datafield tag="100" ind1=" " ind2=" ">
    <subfield code="g">Codice autore musica SPICS: 12000</subfield>
    <subfield code="9">796</subfield>
  </datafield>
  <datafield tag="245" ind1=" " ind2=" ">
    <subfield code="a">Nel mondo, una cosa</subfield>
  </datafield>
  <datafield tag="250" ind1=" " ind2=" ">
    <subfield code="a">1a ed.</subfield>
  </datafield>
  <datafield tag="260" ind1=" " ind2=" ">
    <subfield code="a">ITALIA</subfield>
  </datafield>
  <datafield tag="260" ind1=" " ind2=" ">
    <subfield code="b">RICORDI</subfield>
    <subfield code="c">1972 [1a Ed.:1972 - Ed. Lingua Orig.: 1972]</subfield>
  </datafield>
  <datafield tag="300" ind1=" " ind2=" ">
    <subfield code="a">DISCO</subfield>
  </datafield>
  <datafield tag="300" ind1=" " ind2=" ">
    <subfield code="c">49 minuti (Testo:  pag.)</subfield>
  </datafield>
  <datafield tag="500" ind1=" " ind2=" ">
    <subfield code="a">Canzone italiana</subfield>
  </datafield>
  <datafield tag="505" ind1=" " ind2=" ">
    <subfield code="a">Io straniera-Border Song (4:00) - Questo amore vero (4:00) - Amanti (5:00) - Il tuo cuore di neve-Sing e song (4:00) - Tu che sei sempre tu (5:00) - Piccolo uomo (5:00) - Donna sola (4:00) - Neve bianca (4:00) - La nave (4:00) - Madre-Mother (6:00) - Un uomo in pi&#xF9; (4:00) - Valsinha (3:00)</subfield>
  </datafield>
  <datafield tag="650" ind1=" " ind2=" ">
    <subfield code="a">CANZONE ITALIAN [DISCHI]</subfield>
    <subfield code="e">Codice MATERIA SPICS: 9950</subfield>
    <subfield code="9">18192</subfield>
  </datafield>
  <datafield tag="700" ind1=" " ind2=" ">
    <subfield code="a">Martini Mia</subfield>
    <subfield code="g">Codice interprete SPICS: 11009</subfield>
    <subfield code="e">Interprete</subfield>
    <subfield code="9">18193</subfield>
  </datafield>
  <datafield tag="700" ind1=" " ind2=" ">
    <subfield code="a">Piccoli M.</subfield>
    <subfield code="g">Codice autore musica SPICS: 23938</subfield>
    <subfield code="e">Autore musica</subfield>
    <subfield code="p">Io straniera-Border Song - Il tuo cuore di neve-Sing e song - Tu che sei sempre tu</subfield>
    <subfield code="9">18194</subfield>
  </datafield>
  <datafield tag="700" ind1=" " ind2=" ">
    <subfield code="a">Taupin Bernie</subfield>
    <subfield code="g">Codice autore SPICS: 22324</subfield>
    <subfield code="e">Autore</subfield>
    <subfield code="p">Io straniera-Border Song</subfield>
    <subfield code="9">18195</subfield>
  </datafield>
  <datafield tag="700" ind1=" " ind2=" ">
    <subfield code="a">John Elton</subfield>
    <subfield code="g">Codice autore testo/musica SPICS: 10876</subfield>
    <subfield code="e">Autore testo/musica</subfield>
    <subfield code="p">Io straniera-Border Song - Madre-Mother</subfield>
    <subfield code="9">18196</subfield>
  </datafield>
  <datafield tag="700" ind1=" " ind2=" ">
    <subfield code="a">Albertelli Luigi</subfield>
    <subfield code="g">Codice autore musica SPICS: 14330</subfield>
    <subfield code="e">Autore musica</subfield>
    <subfield code="p">Questo amore vero - Amanti - Donna sola - La nave</subfield>
    <subfield code="9">18197</subfield>
  </datafield>
  <datafield tag="700" ind1=" " ind2=" ">
    <subfield code="a">Guantini M.</subfield>
    <subfield code="g">Codice autore testo/musica SPICS: 28320</subfield>
    <subfield code="e">Autore testo/musica</subfield>
    <subfield code="p">Questo amore vero</subfield>
    <subfield code="9">18198</subfield>
  </datafield>
  <datafield tag="700" ind1=" " ind2=" ">
    <subfield code="a">Fabrizio Maurizio</subfield>
    <subfield code="g">Codice autore testo/musica SPICS: 13247</subfield>
    <subfield code="e">Autore testo/musica</subfield>
    <subfield code="p">Amanti</subfield>
    <subfield code="9">18199</subfield>
  </datafield>
  <datafield tag="700" ind1=" " ind2=" ">
    <subfield code="a">Wright Gary</subfield>
    <subfield code="g">Codice autore SPICS: 22603</subfield>
    <subfield code="e">Autore</subfield>
    <subfield code="p">Il tuo cuore di neve-Sing e song</subfield>
    <subfield code="9">18200</subfield>
  </datafield>
  <datafield tag="700" ind1=" " ind2=" ">
    <subfield code="a">La Bionda A.</subfield>
    <subfield code="g">Codice autore musica SPICS: 14187</subfield>
    <subfield code="e">Autore musica</subfield>
    <subfield code="p">Piccolo uomo - Neve bianca - Un uomo in pi&#xF9;</subfield>
    <subfield code="9">18201</subfield>
  </datafield>
  <datafield tag="700" ind1=" " ind2=" ">
    <subfield code="a">Lauzi Bruno</subfield>
    <subfield code="g">Codice autore musica SPICS: 13267</subfield>
    <subfield code="e">Autore musica</subfield>
    <subfield code="p">Piccolo uomo - Donna sola - Neve bianca</subfield>
    <subfield code="9">18202</subfield>
  </datafield>
  <datafield tag="700" ind1=" " ind2=" ">
    <subfield code="a">Baldan Bembo Dario</subfield>
    <subfield code="g">Codice autore testo/musica SPICS: 9846</subfield>
    <subfield code="e">Autore testo/musica</subfield>
    <subfield code="p">Piccolo uomo - Donna sola - La nave - Un uomo in pi&#xF9;</subfield>
    <subfield code="9">18203</subfield>
  </datafield>
  <datafield tag="700" ind1=" " ind2=" ">
    <subfield code="a">La Bionda C.</subfield>
    <subfield code="g">Codice autore testo/musica SPICS: 28321</subfield>
    <subfield code="e">Autore testo/musica</subfield>
    <subfield code="p">Neve bianca</subfield>
    <subfield code="9">18204</subfield>
  </datafield>
  <datafield tag="700" ind1=" " ind2=" ">
    <subfield code="a">Martini Mia</subfield>
    <subfield code="g">Codice autore musica SPICS: 11009</subfield>
    <subfield code="e">Autore musica</subfield>
    <subfield code="p">Madre-Mother</subfield>
    <subfield code="9">18205</subfield>
  </datafield>
  <datafield tag="700" ind1=" " ind2=" ">
    <subfield code="a">Buarque Chico</subfield>
    <subfield code="g">Codice autore musica SPICS: 28322</subfield>
    <subfield code="e">Autore musica</subfield>
    <subfield code="p">Valsinha</subfield>
    <subfield code="9">18206</subfield>
  </datafield>
  <datafield tag="700" ind1=" " ind2=" ">
    <subfield code="a">Vinicius</subfield>
    <subfield code="g">Codice autore SPICS: 28323</subfield>
    <subfield code="e">Autore</subfield>
    <subfield code="p">Valsinha</subfield>
    <subfield code="9">18207</subfield>
  </datafield>
  <datafield tag="700" ind1=" " ind2=" ">
    <subfield code="a">Bardotti Sergio</subfield>
    <subfield code="g">Codice autore testo/musica SPICS: 13862</subfield>
    <subfield code="e">Autore testo/musica</subfield>
    <subfield code="p">Valsinha</subfield>
    <subfield code="9">18208</subfield>
  </datafield>
  <datafield tag="942" ind1=" " ind2=" ">
    <subfield code="c">MD</subfield>
    <subfield code="2">ddc</subfield>
  </datafield>
  <datafield tag="952" ind1=" " ind2=" ">
    <subfield code="0">0</subfield>
    <subfield code="1">0</subfield>
    <subfield code="4">0</subfield>
    <subfield code="6">27477_000000000000000</subfield>
    <subfield code="7">1</subfield>
    <subfield code="a">SPICS</subfield>
    <subfield code="b">SPICS</subfield>
    <subfield code="d">2013-10-25</subfield>
    <subfield code="l">0</subfield>
    <subfield code="o">27477</subfield>
    <subfield code="r">2013-10-25 00:00:00</subfield>
    <subfield code="w">2013-10-25</subfield>
    <subfield code="y">MD</subfield>
    <subfield code="z">Progr. Ins.: 7034 / N.Vol.: 1 / Copie: 1 - Copia rara: n.d. / date import: 01.01.2014 - By Epidotti, Trombetti, Vaglietti</subfield>
  </datafield>
</record>
